000 00346nam a2200145Ia 4500
005 20260328104307.0
008 260328s9999||||xx |||||||||||||| ||und||
100 _aPadilla, Sergio
245 0 _aHabitat sustentable II /
_cSergio Padilla
250 _a1a ed.
260 _bAzcapotzalco
300 _a175 p.
650 _aURBANISMO
942 _cBK
999 _c10808
_d10808